Liability of design under JCT contracts (Record no. 76519)

MARC details
000 -LEADER
fixed length control field 01533cab a2200229 4500
001 - CONTROL NUMBER
control field ##L132598
008 - FIXED-LENGTH DATA ELEMENTS--GENERAL INFORMATION
fixed length control field 060221n2006 000 0 eng u
035 ## - SYSTEM CONTROL NUMBER
System control number (Sirsi) u132598
041 0# - LANGUAGE CODE
Language code of text/sound track or separate title eng
100 1# - MAIN ENTRY--PERSONAL NAME
Personal name Fox, Owen
245 00 - TITLE STATEMENT
Title Liability of design under JCT contracts
260 ## - PUBLICATION, DISTRIBUTION, ETC.
Date of publication, distribution, etc. 2006
490 #0 - SERIES STATEMENT
Series statement Contract Journal
Volume/sequential designation (6562) 15 February 2006, 32(1)
520 ## - SUMMARY, ETC.
Summary, etc. Considers the question of responsibility for design within the Employer's Requirements in JCT contracts. Prior to the decision in "Co-operative Insurance Society Ltd v Henry Boot Scotland Ltd" ([2002] EWHC 1270, ABS66316), it had been thought that cl 2.1.2 of JCT 98 set the employer's requirements and contractor's proposals as the starting point for the for the contractor's design responsibilities. In the above case, it was held that the contractor was responsible for ensuring that the whole of the design was undertaken with reasonable care and skill. Now JCT 05 places responsibility upon the employer, but provides that the contractor retains responsibility if the employer's requirements do not comply with statutory requirements.
590 ## - LOCAL NOTE (RLIN)
Local note IKA280206
650 24 - SUBJECT ADDED ENTRY--TOPICAL TERM
Topical term or geographic name entry element JCT STANDARD BUILDING CONTRACT (2005 EDITION)
650 24 - SUBJECT ADDED ENTRY--TOPICAL TERM
Topical term or geographic name entry element CO-OPERATIVE INSURANCE SOCIETY LTD V HENRY BOOT SCOTLAND LTD AND OTHERS
650 24 - SUBJECT ADDED ENTRY--TOPICAL TERM
Topical term or geographic name entry element JCT STANDARD FROM OF BUILDING CONTRACT (1998 EDITION)
651 #4 - SUBJECT ADDED ENTRY--GEOGRAPHIC NAME
Geographic name United Kingdom
Chronological subdivision
690 ## - LOCAL SUBJECT ADDED ENTRY--TOPICAL TERM (OCLC, RLIN)
Topical term or geographic name as entry element BUILT ENVIRONMENT-BUILDING CONTRACT FORMS-STANDARD FORMS OF BUILDING CONTRACT-JOINT CONTRACTS TRIBUNAL CONTRACTS
942 ## - ADDED ENTRY ELEMENTS (KOHA)
Suppress in OPAC 0
Holdings
Withdrawn status Lost status Source of classification or shelving scheme Damaged status Not for loan Home library Current library Shelving location Date acquired Total Checkouts Full call number Barcode Date last seen Copy number Price effective from Koha item type
    Dewey Decimal Classification     London London Journal article 21/02/2006   L132598 132598-1001 06/08/2019 1 06/08/2019 Journal article